000 00581nam a22002177a 4500
999 _c5283
_d5283
003 OSt
005 20230405165511.0
008 140717b xxu||||| |||| 00| 0 eng d
020 _a1416025340
020 _a9780808924326
040 _cDNLM.
082 _aQZ 4 K96r 2013
100 _aKumar, Vinay; Contran, Ramzi S.; Robbins, Stanley L.
_9677
245 _aRobbins Basic Pathology
250 _a9th.ed.
260 _aPennsylvania;
_bSaunders,
_c2013
300 _axii, 910 p ;
_bcol.ill :
_c26cm .
504 _aincludes index
650 _aPathology
_937
942 _2z
_cB_BANK